| 000 | 00758nam a2200229Ii 4500 | ||
|---|---|---|---|
| 003 | JO-AjNU | ||
| 008 | 230605s9999||||xx |||||||||||||| ||und|| | ||
| 017 | _a1993/8283 | ||
| 020 | _a977-274-026-5 | ||
| 040 |
_aJO-AjNU _bara _erda _cJO-AjNU |
||
| 041 | _aara | ||
| 050 | 1 | 4 | _aHB3634.1993 |
| 100 | 3 |
_aمحمود،نجوى ابراهيم, _eauthor _919204 |
|
| 245 | 0 | 0 | _aالسياسات العامة والتغير السياسي في مصر:سياسة الاسكان دراسة حالة 1974-1986 |
| 250 | _aط1 | ||
| 264 | 3 | 1 | _aالكويت:دار سعاد الصباح،1993 |
| 300 | _a517ص | ||
| 336 |
_atext _btxt _2rdacontent |
||
| 337 |
_aunmediated _bn _2rdamedia |
||
| 338 |
_avolume _bnc _2rdacarrier |
||
| 650 | 4 |
_aالسكان-مصر _919205 |
|
| 999 |
_aA6289 _c9857 _d9857 |
||